Fear of freedom (Record no. 1326710)

MARC details
000 -LEADER
fixed length control field 00549nam a2200205Ia 4500
005 - DATE AND TIME OF LATEST TRANSACTION
control field 20250508150944.0
008 - FIXED-LENGTH DATA ELEMENTS--GENERAL INFORMATION
fixed length control field 008 250505s9999 xx 000 0 eng d
020 ## - INTERNATIONAL STANDARD BOOK NUMBER
International Standard Book Number 0-415-25388-8
037 ## - SOURCE OF ACQUISITION
Stock number Textual
040 ## - CATALOGING SOURCE
Original cataloging agency FEDL
Language of cataloging eng
Transcribing agency FEDL
041 ## - LANGUAGE CODE
Language code of text/sound track or separate title eng
Source of code eng
084 ## - COLON CLASSIFICATION NUMBER
Classification number 301.15, FRO
Assigning agency FEDL
100 ## - MAIN ENTRY--PERSONAL NAME
Personal name Fromm Erich
245 #0 - TITLE STATEMENT
Title Fear of freedom
260 ## - PUBLICATION, DISTRIBUTION, ETC.
Place of publication, distribution, etc. London, UK
Name of publisher, distributor, etc. Routledge and Kegan Paul
Date of publication, distribution, etc. 1942
300 ## - PHYSICAL DESCRIPTION
Extent x,260p
650 ## - SUBJECT ADDED ENTRY--TOPICAL TERM
Topical term or geographic name entry element Psychology; Sociology
942 ## - ADDED ENTRY ELEMENTS (KOHA)
Koha item type Textual
Classification part 301.15, FRO
Holdings
Withdrawn status Lost status Damaged status Not for loan Home library Current library Date acquired Total Checkouts Full call number Barcode Date last seen Price effective from Koha item type
        Department of Education Library Department of Education Library 2025-05-08   301.15, FRO EL0006428 2025-05-08 2025-05-08 Textual
Copyright @ Delhi University Library System